La administración en una epoca de grandes cambios (Registro nro. 179)
[ vista simple ]
| 000 -LEADER | |
|---|---|
| fixed length control field | 01997 a2200241 4500 |
| 001 - CONTROL NUMBER | |
| control field | 267 |
| 005 - DATE AND TIME OF LATEST TRANSACTION | |
| control field | 20260407155418.0 |
| 008 - FIXED-LENGTH DATA ELEMENTS--GENERAL INFORMATION | |
| fixed length control field | 260407a1997 arg spa d |
| 003 - CONTROL NUMBER IDENTIFIER | |
| control field | AR-UNSa-BCEJYS |
| 040 ## - CATALOGING SOURCE | |
| Original cataloging agency | AR-UNSa-BCEJYS |
| Language of cataloging | spa |
| Transcribing agency | AR-UNSa-BCEJYS |
| 080 ## - UNIVERSAL DECIMAL CLASSIFICATION NUMBER | |
| Universal Decimal Classification number | 658 |
| Common auxiliary subdivision | Administración de empresas. Organización comercial |
| 020 ## - INTERNATIONAL STANDARD BOOK NUMBER | |
| International Standard Book Number | 950-07-1127-3 |
| 100 1# - MAIN ENTRY--PERSONAL NAME | |
| Personal name | Drucker, Peter Ferdinand |
| 245 10 - TITLE STATEMENT | |
| Title | La administración en una epoca de grandes cambios |
| 250 ## - EDITION STATEMENT | |
| Edition statement | 2a. ed |
| 264 #1 - PRODUCTION, PUBLICATION, DISTRIBUTION, MANUFACTURE, AND COPYRIGHT NOTICE | |
| Place of production, publication, distribution, manufacture | Buenos Aires : |
| Name of producer, publisher, distributor, manufacturer | Sudamericana |
| Date of production, publication, distribution, manufacture, or copyright notice | 1997 |
| 300 ## - PHYSICAL DESCRIPTION | |
| Extent | 251 p. |
| Dimensions | 23 cm |
| 505 ## - FORMATTED CONTENTS NOTE | |
| Formatted contents note | 1. La teoría de la empresa - 2. Planificar para lo incierto - 3. Los cinco pecados capitales de la empresa - 4. La gestión de la empresa familiar - 5. Seis reglas para presidentes - 6. La gestión en la sociedad reticular - 7. La nueva sociedad de las organizaciones - 8. Hay tres clases de equipos - 9. La revolución informativa en los comercios - 10. Aprenda a manejar datos. Sepa qué hacer - 11. Necesitamos medir, no contar - 12. La información que los ejecutivos necesitan hoy - 13. Lecciones de la economía mundial - 14. El desplazamiento del poder en la economía de Estados Unidos - 15. Allí donde están los nuevos mercados - 16. La franja del Pacífico y la economía mundial - 17. Los mercados chinos en expansión - 18. ¿Japón S.A. está llegando a su fin? - 19. Un dólar débil fortalece a Japón - 20. La nueva superpotencia: los chinos de fuera de China - 21. Un siglo de transformaciones sociales - 22. Fortalecer las organizaciones no lucrativas resultará lucrativo para nosotros - 23. El trabajo del saber y los objetivos de hombres y mujeres - 24. Reinventar el gobierno - 25. ¿Las democracias pueden ganar la paz? |
| 590 ## - LOCAL NOTE (RLIN) | |
| Local note | niveau_biblio:m niveau_hierar:0 |
| 700 1# - ADDED ENTRY--PERSONAL NAME | |
| Personal name | Merino, María Isabel |
| 856 41 - ELECTRONIC LOCATION AND ACCESS | |
| Uniform Resource Identifier | <a href="https://biblioeco.unsa.edu.ar/pmb/images/libros/La administraci?n en una epoca de grandes cambios Drucker, Peter Ferdinand (2004) .jpg">https://biblioeco.unsa.edu.ar/pmb/images/libros/La administraci?n en una epoca de grandes cambios Drucker, Peter Ferdinand (2004) .jpg</a> |
| Link text | Imagen de portada |
| Electronic format type | image/jpeg |
| 942 ## - ADDED ENTRY ELEMENTS (KOHA) | |
| Koha item type | |
| Withdrawn status | Lost status | Damaged status | Not for loan | Home library | Current library | Shelving location | Date acquired | Total checkouts | Full call number | Barcode | Date last seen | Price effective from | Koha item type |
|---|---|---|---|---|---|---|---|---|---|---|---|---|---|
| Biblioteca Prof. Eusebio Cleto del Rey | Biblioteca Prof. Eusebio Cleto del Rey | 07/04/2026 | 658 D794d 2ed. | L85409 | 07/04/2026 | 07/04/2026 | Libro | ||||||
| Biblioteca Prof. Eusebio Cleto del Rey | Biblioteca Prof. Eusebio Cleto del Rey | 07/04/2026 | 658 D794d 2ed. | L85410 | 07/04/2026 | 07/04/2026 | Libro |